Т. 1: 1917-1932; История музыки народов

Dades bibliogràfiques
Parent link:История музыки народов: в 5 т./ Институт истории искусств ; под ред. Ю. В. Келдыша. Т. 1: 1917-1932.— , 1970
Idioma:rus
Publicat: 1970
Matèries:
Format: MixedMaterials Llibre
KOHA link:https://koha.lib.tpu.ru/cgi-bin/koha/opac-detail.pl?biblionumber=116657

MARC

LEADER 00000nam2a2200000 4500
001 116657
005 20231031123300.0
035 |a (RuTPU)RU\TPU\book\126246 
090 |a 116657 
100 |a 20070524d1970 m y0rusy50 ca 
101 0 |a rus 
102 |a RU 
105 |a a z 001zy 
200 0 |a Т. 1: 1917-1932 
210 |d 1970 
215 |a 435 с.  |c ил. 
320 |a Указатель имен: с. 413-433. 
461 1 |0 (RuTPU)RU\TPU\book\139692  |t История музыки народов  |o в 5 т.  |f Институт истории искусств ; под ред. Ю. В. Келдыша  |v Т. 1: 1917-1932  |d 1970 
610 1 |a музыка 
610 1 |a история 
610 1 |a народы СССР 
610 1 |a развитие 
610 1 |a республики 
675 |a 78С2(09)  |v 3 
801 1 |a RU  |b 63413507  |c 20070524  |g PSBO 
801 2 |a RU  |b 63413507  |c 20080118  |g PSBO 
942 |c BK